书目信息 |
| 题名: |
TensorFlow 2.0神经网络实践
|
|
| 作者: | 加莱奥内 著 ;闫龙川 译 | |
| 分册: | ||
| 出版信息: | 北京 机械工业出版社 2020.07 |
|
| 页数: | XIII, 245页, [4] 页图版 | |
| 开本: | 24cm | |
| 丛书名: | 智能系统与技术丛书 | |
| 单 册: | ||
| 中图分类: | TP18 , TP183 | |
| 科图分类: | ||
| 主题词: | 人工智能--ren gong zhi neng--算法 , 人工神经网络--ren gong shen jing wang luo--算法 | |
| 电子资源: | ||
| ISBN: | 978-7-111-65927-3 | |
| 000 | 01458nam 2200325 450 | |
| 001 | 2073677068 | |
| 005 | 20201104202805.41 | |
| 010 | @a978-7-111-65927-3@dCNY89.00 | |
| 100 | @a20200729d2020 em y0chiy50 ea | |
| 101 | 1 | @achi@cita |
| 102 | @aCN@b110000 | |
| 105 | @aaf z 000yy | |
| 200 | 1 | @aTensorFlow 2.0神经网络实践@ATensorFlow 2.0 shen jing wang luo shi jian@f(意大利) 保罗·加莱奥内著@d= Hands-on neural networks with TensorFlow 2.0@fPaolo Galeone@g闫龙川 ... [等] 译@zeng |
| 210 | @a北京@c机械工业出版社@d2020.07 | |
| 215 | @aXIII, 245页, [4] 页图版@c图@d24cm | |
| 225 | 2 | @a智能系统与技术丛书@Azhi neng xi tong yu ji shu cong shu |
| 300 | @a华章IT | |
| 306 | @a由Packt Publishing授权出版 | |
| 314 | @a保罗·加莱奥内, 是一位具有丰富实践经验的计算机工程师。闫龙川, 硕士, 国家电网有限公司信息通信分公司高级工程师, 信息通信技术专家。 | |
| 330 | @a本书是一本介绍TensorFlow 2.0和神经网络的入门书籍, 分三部分, 神经网络基础、TensorFlow基础、神经网络应用。内容包括: 什么是机器学习 ; 神经网络与深度学习等。 | |
| 410 | 0 | @12001 @a智能系统与技术丛书 |
| 510 | 1 | @aHands-on neural networks with TensorFlow 2.0@zeng |
| 606 | 0 | @a人工智能@Aren gong zhi neng@x算法 |
| 606 | 0 | @a人工神经网络@Aren gong shen jing wang luo@x算法 |
| 690 | @aTP18@v5 | |
| 690 | @aTP183@v5 | |
| 701 | 1 | @a加莱奥内@Ajia lai ao nei@g(Galeone, Paolo)@4著 |
| 702 | 0 | @a闫龙川@Ayan long chuan@4译 |
| 801 | 0 | @aCN@b人天书店@c20201002 |
| 905 | @aZUCC@dTP18@eJ210 | |
| TensorFlow 2.0神经网络实践/(意大利) 保罗·加莱奥内著= Hands-on neural networks with TensorFlow 2.0/Paolo Galeone/闫龙川 ... [等] 译.-北京:机械工业出版社,2020.07 |
| XIII, 245页, [4] 页图版:图;24cm.-(智能系统与技术丛书) |
| 华章IT |
| ISBN 978-7-111-65927-3:CNY89.00 |
| 本书是一本介绍TensorFlow 2.0和神经网络的入门书籍, 分三部分, 神经网络基础、TensorFlow基础、神经网络应用。内容包括: 什么是机器学习 ; 神经网络与深度学习等。 |
| ● |
| 相关链接 |
|
|
|
正题名:TensorFlow 2.0神经网络实践
索取号:TP18/J210
 
预约/预借
| 序号 | 登录号 | 条形码 | 馆藏地/架位号 | 状态 | 备注 |
| 1 | 1478095 | 214780959 | 自科库301/301自科库 101排9列2层/ [索取号:TP18/J210] | 在馆 | |
| 2 | 1478096 | 214780968 | 自科库301/301自科库 101排9列2层/ [索取号:TP18/J210] | 在馆 |